00383nam a2200121Ia 4500008004100000245006900041260003900110260000900149300000900158650002600167650001200193856005600205170516s9999 xx 000 0 und d aCardiovascular imaging in South Africa: Is the heartache easing? bSouth African Journal of Radiology c2016 a20:2 xRadiologic Technology xRadtech uhttp://www.sajr.org.za/index.php/sajr/issue/view/55